[Event "European Cities & Towns Chess Championship - Youth"]
[Site "Central Europe"]
[Date "2023.01.29"]
[Round "9.3.2"]
[White "Costache, Andrei Eugeniu"]
[Black "Gromosiak, Oleksii"]
[Result "1-0"]
[WhiteElo "1632"]
[BlackElo "1312"]
[BlackCountry "UA"]
[BlackFideId "34137904"]
[BlackTeam "Kyiv region"]
[WhiteCountry "RO"]
[WhiteFideId "42206057"]
[WhiteTeam "Ia?i - Region"]

1. e4 c5 2. Nf3 d6 3. c3 Nf6 4. Be2 Nc6 5. d4 cxd4 6. cxd4 Bg4 7. O-O g6 
8. Be3 Bg7 9. Nc3 O-O 10. Rc1 Rc8 11. h3 Bxf3 12. Bxf3 Qd7 13. Re1 a6 14. 
a3 Rc7 15. Qe2 b5 16. Red1 Rfc8 17. e5 Ne8 18. Nd5 Rb7 19. Nb4 Nxb4 20. 
Bxb7 Qxb7 21. axb4 dxe5 22. dxe5 Bxe5 23. Bc5 Bf6 24. Rd3 Nd6 25. Re1 Nc4 
26. Bxe7 Re8 27. Bxf6 Rf8 28. Rd8 Rxd8 29. Qe8+ 1-0

[Event "European Cities & Towns Chess Championship - Youth"]
[Site "Central Europe"]
[Date "2023.01.29"]
[Round "9.3.3"]
[White "Chunikhin, Miron"]
[Black "Codru, Raul Cristian"]
[Result "0-1"]
[WhiteElo "1000"]
[BlackElo "1344"]
[BlackCountry "RO"]
[BlackFideId "42203996"]
[BlackTeam "Ia?i - Region"]
[WhiteCountry "UA"]
[WhiteFideId "34161325"]
[WhiteTeam "Kyiv region"]

1. e4 c5 2. Bc4 e6 3. Nc3 Nf6 4. Nf3 Nc6 5. O-O a6 6. d4 cxd4 7. Nxd4 Be7 
8. Nxc6 bxc6 9. Bf4 d5 10. exd5 cxd5 11. Bb3 Bb7 12. Re1 O-O 13. Be5 Rc8 
14. Qd2 Bb4 15. Bxf6 Qxf6 16. Re3 d4 17. Rf3 Bxf3 18. gxf3 dxc3 19. bxc3 
Bxc3 20. Qd3 Bxa1 21. Qxa6 e5 22. Qd3 Qg6+ 23. Qxg6 hxg6 24. Kf1 Rc3 25. 
Kg1 Rfc8 26. Kg2 Rxc2 27. Bxc2 Rxc2 28. a3 Bd4 29. a4 Rxf2+ 30. Kg3 Ra2 
31. a5 Rxa5 32. h4 f5 33. h5 g5 34. f4 exf4+ 35. Kf3 Ra3+ 36. Kg2 g4 37. 
h6 Ra2+ 38. Kf1 g3 39. h7+ Kxh7 40. Ke1 g2 41. Kd1 g1=Q# 0-1

[Event "European Cities & Towns Chess Championship - Youth"]
[Site "Central Europe"]
[Date "2023.01.29"]
[Round "9.3.4"]
[White "Minescu, Leon"]
[Black "Andrey, Dudnikov"]
[Result "1-0"]
[WhiteElo "1317"]
[BlackElo "1000"]
[BlackTeam "Kyiv region"]
[WhiteCountry "RO"]
[WhiteFideId "1294148"]
[WhiteTeam "Ia?i - Region"]

1. d4 d5 2. c4 e6 3. Nc3 Nc6 4. e3 Nf6 5. Nf3 g6 6. Bd3 Bg7 7. O-O O-O 8. 
Re1 Na5 9. cxd5 Nxd5 10. Nxd5 exd5 11. Bd2 Nc4 12. Qc2 b5 13. b3 Nxd2 14. 
Qxd2 Bg4 15. Qe2 Qf6 16. h3 Bxf3 17. Qxf3 Qxf3 18. gxf3 Rab8 19. Rac1 Rb7 
20. Rc6 Re8 21. Rec1 Rc8 22. R1c5 b4 23. Rxd5 Rb6 24. Rdc5 Rxc6 25. Rxc6 
Kf8 26. Ba6 Rb8 27. Rxc7 Rb6 28. Bc4 f5 29. Rf7+ Ke8 30. Rxg7 h5 31. Rxa7 
Kd8 32. Kf1 Kc8 33. Ke2 Kb8 34. Rg7 Kc8 35. Kd3 Kd8 36. Bd5 Ke8 37. Kc4 
Ra6 38. Kxb4 Rxa2 39. Kc5 Rxf2 40. Rxg6 Rc2+ 41. Kd6 Rc8 42. Rg8# 1-0

[Event "European Cities & Towns Chess Championship - Youth"]
[Site "Central Europe"]
[Date "2023.01.29"]
[Round "9.4.1"]
[White "Molchanov, Roman"]
[Black "Capjak, David"]
[Result "1-0"]
[WhiteElo "1329"]
[BlackElo "1122"]
[BlackCountry "HR"]
[BlackFideId "14582554"]
[BlackTeam "Zagreb"]
[WhiteCountry "UA"]
[WhiteFideId "34131086"]
[WhiteTeam "Lviv Chess Federation"]

1. e4 c5 2. Nf3 e6 3. d4 cxd4 4. Nxd4 Nc6 5. Nb5 Nf6 6. N1c3 a6 7. Nd6+ 
Bxd6 8. Qxd6 Qe7 9. Qg3 Nh5 10. Qg4 Nd4 11. Bd3 g6 12. Be3 Nf6 13. Qh4 g5 
14. Bxg5 Rg8 15. Bxf6 Qb4 16. Bxd4 Qxd4 17. O-O Qg7 18. g3 b5 19. Rfe1 Bb7
20. Rab1 f6 21. Qh5+ Kf8 22. Qc5+ Ke8 23. Qd6 h5 24. h4 Qg4 25. Kh2 Qf3 
26. Qf4 Qxf4 27. gxf4 f5 28. Rg1 Rxg1 29. Rxg1 Kd8 30. Rg8+ Kc7 31. Rxa8 
Bxa8 32. exf5 exf5 33. Bxf5 d6 34. Bg6 Bf3 35. Kg3 Bg4 36. Nd5+ Kd7 37. 
Nf6+ Ke6 38. Nxg4 hxg4 39. Kxg4 d5 40. Kg5 Ke7 41. h5 Kf8 42. h6 Kg8 43. 
f5 d4 44. f6 d3 45. h7+ Kh8 46. f7 Kg7 47. h8=Q+ Kxh8 48. f8=Q# 1-0

[Event "European Cities & Towns Chess Championship - Youth"]
[Site "Central Europe"]
[Date "2023.01.29"]
[Round "9.4.3"]
[White "Hychkevych, Vitaliy"]
[Black "Kovac, Faust"]
[Result "1-0"]
[WhiteElo "1251"]
[BlackElo "1000"]
[BlackCountry "HR"]
[BlackFideId "14595338"]
[BlackTeam "Zagreb"]
[WhiteCountry "UA"]
[WhiteFideId "34127046"]
[WhiteTeam "Lviv Chess Federation"]

1. d4 d5 2. c4 e6 3. Nc3 Nf6 4. Bg5 h6 5. Bxf6 Qxf6 6. cxd5 exd5 7. Nxd5 
Qc6 8. Nc3 Bb4 9. Qb3 Bxc3+ 10. bxc3 Be6 11. Qb2 O-O 12. Nf3 Nd7 13. g3 
Bd5 14. Bg2 Bxf3 15. Bxf3 Qf6 16. O-O Rab8 17. Bg2 c6 18. e4 Qe7 19. f4 
Rfe8 20. Rfe1 Qd8 21. Rad1 Nb6 22. Qb3 Nc8 23. e5 Qb6 24. Qc2 Ne7 25. c4 
Ng6 26. Kh1 Rbd8 27. e6 Rxe6 28. Rxe6 fxe6 29. Qxg6 Rxd4 30. Qxe6+ Kh7 31.
 Be4+ Rxe4 32. Qxe4+ Kg8 33. c5 Qc7 34. Qe6+ Kh7 35. Rd7 Qa5 36. Qf5+ Kg8 
37. Qf7+ Kh8 38. Qxg7# 1-0

[Event "European Cities & Towns Chess Championship - Youth"]
[Site "Central Europe"]
[Date "2023.01.29"]
[Round "9.4.4"]
[White "Malaric, Marko"]
[Black "Korchevskyi, Volodymyr"]
[Result "0-1"]
[WhiteElo "1234"]
[BlackElo "1244"]
[BlackCountry "UA"]
[BlackFideId "34157310"]
[BlackTeam "Lviv Chess Federation"]
[WhiteCountry "HR"]
[WhiteFideId "14594960"]
[WhiteTeam "Zagreb"]

1. e4 c5 2. c3 e6 3. d4 cxd4 4. cxd4 Nf6 5. Nc3 d6 6. Nf3 Nc6 7. Be2 Be7 
8. O-O O-O 9. h3 b6 10. Be3 Bb7 11. Rc1 Rc8 12. a3 Nd7 13. d5 Nce5 14. 
Nxe5 Nxe5 15. f4 Nc4 16. Bxc4 Rxc4 17. Qg4 Bf6 18. dxe6 Bxe4 19. exf7+ 
Rxf7 20. Nxe4 Rxe4 21. Rc8 Qxc8 22. Qxc8+ Rf8 23. Qc1 Rfe8 24. Bf2 d5 25. 
Qc7 d4 26. Rd1 R8e7 27. Qd8+ Re8 28. Qd5+ Kf8 29. Qd6+ Kg8 30. Qc6 R4e6 
31. Qc4 Kf8 32. Bxd4 Rd8 33. Qb4+ Kf7 34. f5 Red6 35. Qc4+ Kf8 36. Re1 
Bxd4+ 37. Kh1 Bxb2 38. Qc7 R6d7 39. Qc4 Bf6 40. Re6 Rd6 41. Rxd6 Rxd6 42. 
Qc8+ Ke7 43. Qc7+ Rd7 44. Qf4 Kf8 45. Qb4+ Re7 46. Qc4 Be5 47. Qc8+ Kf7 
48. Qc4+ Kf6 49. g4 g6 50. Qc6+ Kf7 51. Qd5+ Kg7 52. fxg6 hxg6 53. Qd8 Bf6
54. Qd5 Re3 55. Qb7+ Kh6 56. Qd5 Rxh3+ 57. Kg2 Rxa3 58. Qd6 Ra2+ 59. Kf3 
Bg7 60. Qf4+ Kh7 61. g5 Ra3+ 62. Ke2 Rh3 63. Qg4 Rh5 64. Qd7 Rxg5 65. Qxa7
b5 66. Qe3 Re5 67. Qxe5 Bxe5 0-1

[Event "European Cities & Towns Chess Championship - Youth"]
[Site "Central Europe"]
[Date "2023.01.29"]
[Round "9.5.1"]
[White "Tzimas, Konstantinos"]
[Black "Rusu, Lucas"]
[Result "0-1"]
[WhiteElo "1275"]
[BlackElo "1625"]
[BlackCountry "RO"]
[BlackFideId "42206472"]
[BlackTeam "Iasi"]
[WhiteCountry "GR"]
[WhiteFideId "42123828"]
[WhiteTeam "Ioannina"]

1. e4 e5 2. Nf3 Nc6 3. d4 exd4 4. Bc4 Nf6 5. e5 d5 6. Bb5 Ne4 7. Nxd4 Bd7 
8. Bxc6 bxc6 9. O-O Be7 10. Be3 O-O 11. Nd2 Nxd2 12. Qxd2 c5 13. Nf3 d4 
14. Bf4 Bc6 15. Ne1 Bb5 16. Nd3 c4 17. Nc1 c3 18. bxc3 Bxf1 19. Kxf1 dxc3 
20. Qxc3 Qd1+ 21. Qe1 Qxe1+ 22. Kxe1 Bb4+ 23. Ke2 Rab8 24. Nd3 Bc3 25. Rd1
Rb5 26. Be3 Ra5 27. Nc5 Bxe5 28. Nd7 Rd8 29. Nxe5 Rxd1 30. Kxd1 Rxe5 31. 
Bxa7 Ra5 32. Bb8 c6 33. Kd2 Rxa2 34. Bf4 f6 35. Kd3 Ra3+ 36. Kd2 Kf7 37. 
f3 Ke6 38. h4 Ra4 39. Bg3 Kd5 40. Bf2 c5 41. g4 Ra3 42. Be3 Ra1 43. g5 f5 
44. h5 g6 45. h6 Rf1 46. Ke2 Ra1 47. Kd3 Ra3+ 48. c3 c4+ 49. Kc2 Ra2+ 50. 
Kd1 Rh2 51. Bd4 Rh4 52. Bf6 f4 53. Ke2 Rh2+ 54. Ke1 Ke6 55. Kf1 Kf5 56. 
Kg1 Rxh6 57. Kg2 Rh5 58. Be7 Rxg5+ 59. Bxg5 Kxg5 60. Kh3 Kh5 61. Kg2 Kh4 
62. Kh2 g5 63. Kg2 h5 64. Kh2 g4 65. Kg2 gxf3+ 66. Kxf3 Kg5 67. Kf2 Kg4 
68. Kf1 Kf3 69. Kg1 Ke2 70. Kg2 f3+ 71. Kh2 f2 72. Kg3 f1=Q 73. Kh2 Qf4+ 
74. Kg2 Qg4+ 75. Kh2 Kf2 76. Kh1 Qh4# 0-1

[Event "European Cities & Towns Chess Championship - Youth"]
[Site "Central Europe"]
[Date "2023.01.29"]
[Round "9.5.2"]
[White "Cazacu, Iustin-Nicolas"]
[Black "Tzima, Anthia"]
[Result "1/2-1/2"]
[WhiteElo "1549"]
[BlackElo "1116"]
[BlackCountry "GR"]
[BlackFideId "42124042"]
[BlackTeam "Ioannina"]
[WhiteCountry "RO"]
[WhiteFideId "42206367"]
[WhiteTeam "Iasi"]

1. Nf3 d5 2. g3 Nf6 3. Bg2 Bf5 4. O-O e6 5. c4 c6 6. d3 Nbd7 7. d4 dxc4 8.
 Nbd2 Nb6 9. Re1 c5 10. dxc5 Bxc5 11. e4 Nxe4 12. Nxe4 Qxd1 13. Rxd1 Bxe4 
14. Bf4 O-O 15. Rac1 Rfe8 16. Ne5 Bxg2 17. Kxg2 Nd5 18. Rxc4 Bd6 19. Nd3 
Nxf4+ 20. Nxf4 Bxf4 21. Rxf4 Red8 22. Rxd8+ Rxd8 23. Rb4 b6 24. Ra4 Rd7 
25. Rc4 h6 26. Kf3 Rd2 27. Rb4 Kf8 28. Ke3 Rd7 29. Rc4 Ke7 30. b4 b5 31. 
Rc5 a6 32. Rc6 Ra7 33. Kd4 a5 34. a3 axb4 35. axb4 Ra2 36. Kc5 Rxf2 37. 
Kxb5 Rxh2 38. Rc3 Rd2 39. Kb6 Rd6+ 40. Rc6 Rd4 41. b5 Rb4 42. Rc3 Kd7 43. 
Rd3+ Kc8 44. Rf3 f6 45. Rd3 e5 46. Rc3+ Kb8 47. Kc6 e4 48. g4 g6 49. Rh3 
f5 50. gxf5 gxf5 51. Rxh6 e3 52. Rh8+ Ka7 53. Rh7+ Kb8 54. Re7 f4 55. Rb7+
Kc8 56. Rc7+ Kb8 57. Re7 Rc4+ 58. Kb6 Kc8 59. Ka6 Ra4+ 60. Kb6 Ra2 61. Kc6
Kd8 62. Re4 e2 63. b6 Rc2+ 64. Kd6 Rd2+ 65. Kc6 f3 66. b7 Rc2+ 67. Kb6 
Rb2+ 68. Kc6 f2 69. Rd4+ Ke7 70. Re4+ Kf6 71. Rf4+ Ke5 72. Rxf2 e1=Q 73. 
Rxb2 Qc1+ 74. Kd7 Qxb2 75. Kc8 Qc3+ 76. Kb8 Kd6 77. Ka8 Qa5+ 78. Kb8 Ke6 
79. Kc8 Qc5+ 80. Kb8 Kd6 81. Ka8 Qa5+ 82. Kb8 Qc7+ 83. Ka8 Qa5+ 1/2-1/2

[Event "European Cities & Towns Chess Championship - Youth"]
[Site "Central Europe"]
[Date "2023.01.29"]
[Round "9.5.3"]
[White "Paterakis, Panagiotis Emm"]
[Black "Dumitru, Rucsandra Sofia"]
[Result "0-1"]
[WhiteElo "1070"]
[BlackElo "1156"]
[BlackCountry "RO"]
[BlackFideId "42204011"]
[BlackTeam "Iasi"]
[WhiteCountry "GR"]
[WhiteFideId "25894900"]
[WhiteTeam "Ioannina"]

1. d4 Nf6 2. Bf4 g6 3. e3 Bg7 4. Nf3 O-O 5. Nbd2 d6 6. c4 Nbd7 7. Bg3 c5 
8. d5 a6 9. Bd3 b5 10. cxb5 axb5 11. Bxb5 Nxd5 12. Bc6 N5b6 13. Bxa8 Nxa8 
14. Qb3 Ba6 15. Qa3 Qb6 16. Nb3 c4 17. Nbd4 e5 18. Nc2 e4 19. Nfd4 d5 20. 
Bd6 Re8 21. Bb4 Ne5 22. Bc5 Nd3+ 23. Kd2 Nxc5 24. Nb4 Rb8 25. Kc3 Nc7 26. 
Kc2 Nb5 27. Nxb5 Qxb5 28. Nxd5 Bxb2 29. Rab1 Bxa3 30. Rxb5 Rxb5 31. Nc7 
Rb2+ 32. Kc3 Bb7 33. Kxc4 Nd3 34. Rf1 Rc2+ 35. Kb3 Rxc7 36. Kxa3 Rc3+ 37. 
Ka4 Bc6+ 38. Ka5 Kf8 39. Kb6 Ke7 40. Ra1 Kd6 41. a4 Be8 42. a5 Rb3+ 43. 
Ka7 Kc7 44. Ra2 Rb7+ 45. Ka8 Bc6 46. Rc2 Rb8+ 47. Ka7 Ra8# 0-1

[Event "European Cities & Towns Chess Championship - Youth"]
[Site "Central Europe"]
[Date "2023.01.29"]
[Round "9.5.4"]
[White "Tcaciuc, Smaranda-Maria"]
[Black "Georgios, Basios"]
[Result "1-0"]
[WhiteElo "1105"]
[BlackElo "1000"]
[BlackTeam "Ioannina"]
[WhiteCountry "RO"]
[WhiteFideId "42204992"]
[WhiteTeam "Iasi"]

1. d4 d5 2. c4 dxc4 3. e3 b5 4. a4 bxa4 5. Qxa4+ Bd7 6. Qxc4 Be6 7. Qd3 
Nf6 8. Nf3 Bd5 9. Nc3 Bxf3 10. gxf3 e6 11. e4 Bb4 12. Qb5+ Nfd7 13. Qxb4 
Na6 14. Bxa6 Rb8 15. Qc4 Nb6 16. Qe2 Qxd4 17. Bb5+ Nd7 18. Bxd7+ Qxd7 19. 
Rxa7 O-O 20. Rg1 e5 21. Bh6 g6 22. Bxf8 Kxf8 23. Nd5 Qd6 24. Rxc7 f6 25. 
Qc2 h6 26. Rc8+ Rxc8 27. Qxc8+ Kf7 28. Qc7+ Qxc7 29. Nxc7 Ke7 30. Rxg6 Kd7
31. Nd5 Ke6 32. Rxf6+ Kd7 33. Rxh6 Ke8 34. Rh7 Kf8 35. Re7 Kg8 36. b4 Kf8 
37. b5 Kg8 38. b6 1-0

[Event "European Cities & Towns Chess Championship - Youth"]
[Site "Central Europe"]
[Date "2023.01.29"]
[Round "9.6.1"]
[White "Borodich, Miroslav"]
[Black "Tamiolakis, Grigorios"]
[Result "1-0"]
[WhiteElo "1326"]
[BlackElo "1226"]
[BlackCountry "GR"]
[BlackFideId "42143799"]
[BlackTeam "Heraklion"]
[WhiteCountry "CY"]
[WhiteFideId "5906571"]
[WhiteTeam "Nicosia"]

1. e4 d5 2. exd5 Qxd5 3. Nc3 Qa5 4. d4 Nf6 5. Bd2 Bg4 6. Nf3 Nc6 7. Bb5 
Qb6 8. Be3 Qa5 9. d5 O-O-O 10. Bxc6 bxc6 11. Qd4 Bxf3 12. gxf3 Nxd5 13. 
Qxa7 Qxa7 14. Bxa7 Nxc3 15. bxc3 e5 16. Ke2 Ba3 17. Rab1 Kd7 18. Be3 Rb8 
19. Rhd1+ Ke6 20. Rb3 Rxb3 21. cxb3 Ra8 22. Rd2 Bc1 23. Rc2 Bxe3 24. fxe3 
f5 25. Kd3 Rd8+ 26. Kc4 Ra8 27. Kc5 Ra6 28. a4 g5 29. b4 Rxa4 30. Kxc6 Ra7
31. Rd2 h5 32. b5 g4 33. fxg4 fxg4 34. e4 Kf6 35. Rd7 Ra3 36. Rxc7 Rxc3+ 
37. Kb7 Rb3 38. b6 h4 39. Rh7 h3 40. Kc7 g3 41. hxg3 Rxg3 42. b7 Rc3+ 43. 
Kb6 Rb3+ 44. Kc6 Rc3+ 45. Kd7 Rb3 46. Kc7 Rc3+ 47. Kb8 Rb3 48. Ka8 Ra3+ 
49. Kb8 Rb3 50. Rc7 h2 51. Rc1 Rb2 52. Kc8 Rxb7 53. Kxb7 Kg5 54. Rh1 Kf4 
55. Rxh2 Kxe4 56. Kc6 Kf3 57. Kd5 e4 58. Kd4 e3 59. Kd3 Kf4 60. Re2 Kf3 
61. Rxe3+ Kf4 62. Re1 Kf3 63. Rf1+ Kg2 64. Rf8 Kg3 65. Ke4 Kg2 66. Ke3 Kg1
67. Ke2 Kg2 68. Rg8+ Kh3 69. Kf3 Kh4 70. Rg1 Kh5 71. Kf4 Kh6 72. Kf5 Kh7 
73. Kf6 Kh8 74. Kf7 Kh7 75. Rh1# 1-0

[Event "European Cities & Towns Chess Championship - Youth"]
[Site "Central Europe"]
[Date "2023.01.29"]
[Round "9.6.2"]
[White "Anastasaki, Georgia"]
[Black "Bannoura, Daniel"]
[Result "0-1"]
[WhiteElo "1000"]
[BlackElo "1000"]
[BlackCountry "CY"]
[BlackFideId "5909546"]
[BlackTeam "Nicosia"]
[WhiteCountry "GR"]
[WhiteFideId "42112419"]
[WhiteTeam "Heraklion"]

1. e4 e5 2. Nf3 Nf6 3. Nc3 Nc6 4. Bb5 d6 5. d3 a6 6. Bxc6+ bxc6 7. h3 d5 
8. exd5 cxd5 9. Bg5 c6 10. O-O Bd6 11. Bxf6 Qxf6 12. Ne2 Qg6 13. Ng3 h5 
14. h4 e4 15. dxe4 Bxg3 16. fxg3 Qxg3 17. Ng5 Qxh4 18. Nh3 Bxh3 19. gxh3 
Qg3+ 20. Kh1 Qxh3+ 21. Kg1 Qg4+ 22. Qxg4 hxg4 23. Kg2 dxe4 24. Rh1 Rxh1 
25. Rxh1 O-O-O 26. Rh4 f5 27. Rh7 Rd2+ 28. Kg3 Rxc2 29. b3 Rxa2 30. Rxg7 
Ra3 31. Rg8+ Kb7 32. Rg7+ Kb6 33. Kf4 Rxb3 34. Kxf5 e3 35. Rxg4 e2 36. Rg1
Rf3+ 37. Ke4 Rf1 38. Rxf1 exf1=Q 39. Kd4 c5+ 40. Ke3 Qe1+ 41. Kf3 a5 42. 
Kg2 Kc6 43. Kh3 Qg1 44. Kh4 Kd6 45. Kh5 Ke6 46. Kh6 Kf6 47. Kh5 Qg5# 0-1

[Event "European Cities & Towns Chess Championship - Youth"]
[Site "Central Europe"]
[Date "2023.01.29"]
[Round "9.6.3"]
[White "Stavrou, Christoforos"]
[Black "Chatzisavvas, Nikolaos"]
[Result "0-1"]
[WhiteElo "1000"]
[BlackElo "1000"]
[BlackCountry "GR"]
[BlackFideId "42124247"]
[BlackTeam "Heraklion"]
[WhiteTeam "Nicosia"]

1. e4 e5 2. Nf3 Nc6 3. Bc4 Nf6 4. Ng5 d5 5. exd5 Na5 6. Bb5+ c6 7. dxc6 
Nxc6 8. O-O Bd7 9. Bc4 Be6 10. Bxe6 fxe6 11. Nxe6 Qd7 12. Nxf8 Rxf8 13. 
Nc3 Qd4 14. d3 Ng4 15. Qe2 Nf6 16. Be3 Qd6 17. Nb5 Qd7 18. Bc5 Rf7 19. a4 
a6 20. Nd6+ Kd8 21. Nxf7+ Qxf7 22. Bb6+ Kc8 23. c4 Qg6 24. Ra3 Ng4 25. f3 
Nf6 26. Rd1 h5 27. c5 h4 28. h3 Nh5 29. g4 Nf4 30. Qe3 Nxh3+ 31. Kh2 Nf4 
32. Rc1 h3 33. Rc4 Nd4 34. Qxe5 Nxf3+ 35. Kg3 Nxe5 36. Rxf4 Kd7 37. Rd4+ 
Ke7 38. Rd5 Qxg4+ 39. Kf2 Rf8+ 40. Ke3 Rf3+ 41. Kd2 Qb4+ 42. Ke2 Qxb2+ 43.
 Ke1 Qxa3 44. Rxe5+ Kf6 45. Rd5 h2 46. Bd8+ Kg6 47. Rd6+ Kh7 48. Ke2 h1=Q 
49. Bh4 Qf1+ 50. Kd2 Qb2# 0-1

[Event "European Cities & Towns Chess Championship - Youth"]
[Site "Central Europe"]
[Date "2023.01.29"]
[Round "9.6.4"]
[White "Kilaidakis, Ioannis"]
[Black "Stylianou, Achilleas"]
[Result "1-0"]
[WhiteElo "1000"]
[BlackElo "1000"]
[BlackTeam "Nicosia"]
[WhiteCountry "GR"]
[WhiteFideId "42133564"]
[WhiteTeam "Heraklion"]

1. e4 e5 2. Nf3 Nf6 3. Nc3 Bc5 4. Nxe5 Ng4 5. Qxg4 d6 6. Qxg7 Rf8 7. Nf3 
Nc6 8. d4 Bxd4 9. Nxd4 Nxd4 10. Qxd4 Rg8 11. Be3 Rg6 12. O-O-O Be6 13. e5 
dxe5 14. Qxd8+ Rxd8 15. Rxd8+ Kxd8 16. g3 Rh6 17. Bxh6 f5 18. f4 e4 19. 
Be2 e3 20. Rd1+ Ke7 21. Nd5+ Kf7 22. Nxe3 c5 23. Bh5+ Kf6 24. Bg5+ Kg7 25.
 Rd6 Bxa2 26. b3 b5 27. Rd7+ Kf8 28. Bh6+ Kg8 29. Rd8# 1-0